[Event "NM 2000"]
[Site "NPSF"]
[Date "2000.01.03"]
[Round "?"]
[White "Dahlberg, Jorn S"]
[Black "Svenneby, Jan"]
[Result "1-0"]
[WhiteElo "2289"]
[BlackElo "1457"]
[PlyCount "99"]
[EventDate "2000.??.??"]

1. d4 Nf6 2. c4 d6 3. Nc3 Nbd7 4. e4 e5 5. Nf3 Be7 6. Be2 O-O 7. O-O c6 8. Qc2
Qc7 9. Rd1 Re8 10. h3 Bf8 11. Be3 g6 12. dxe5 dxe5 13. Rd2 Nc5 14. Rad1 Nh5 15.
b4 Ne6 16. a3 a5 17. c5 Nef4 18. Bc4 Be6 19. Bxe6 Nxe6 20. Rd7 Qb8 21. Ng5 Nxg5
22. Bxg5 Ng7 23. Na4 Ne6 24. Bh4 Ra6 25. Nb6 Qa7 26. Bf6 Rxb6 27. cxb6 Qxb6 28.
bxa5 Qxa5 29. Rxb7 Nc5 30. Rb4 Qxa3 31. Rc4 Na6 32. Bg5 Nb4 33. Qd2 c5 34. Bh6
Bxh6 35. Qxh6 Qb3 36. Qc1 Rc8 37. Rxc5 Qxd1+ 38. Qxd1 Rxc5 39. g4 Rc4 40. Qd6
Nc6 41. g5 Rc2 42. Kg2 Rc3 43. f3 Rc1 44. Qd5 Kg7 45. Kf2 Rc2+ 46. Ke1 Rc1+ 47.
Kd2 Rc2+ 48. Kxc2 Nb4+ 49. Kc3 Nxd5+ 50. exd5 1-0

[Event "NM 2000"]
[Site "NPSF"]
[Date "2000.01.03"]
[Round "?"]
[White "Olsen, Svein"]
[Black "Sjol, Henrik"]
[Result "1-0"]
[WhiteElo "2152"]
[BlackElo "2020"]
[PlyCount "75"]
[EventDate "2000.??.??"]

1. e4 g6 2. d4 Bg7 3. Nf3 d6 4. Nc3 a6 5. Be2 b5 6. O-O Bb7 7. Re1 Nd7 8. Bf1
c5 9. a4 b4 10. Nd5 Ngf6 11. Bg5 h6 12. Nxf6+ Nxf6 13. Bxf6 Bxf6 14. c3 bxc3
15. bxc3 Rb8 16. a5 O-O 17. Bd3 d5 18. e5 Bg7 19. e6 f5 20. h4 Qd6 21. h5 c4
22. Bc2 g5 23. Ne5 Bc6 24. Ng6 Rf6 25. Rb1 Rb5 26. Rxb5 axb5 27. a6 Rxe6 28.
Rxe6 Qxe6 29. Bxf5 Qd6 30. a7 e6 31. Bh3 Kf7 32. f4 Ba8 33. fxg5 hxg5 34. Qf1+
Bf6 35. Ne5+ Ke7 36. Ng4 Bg7 37. h6 Bh8 38. Qb1 1-0

[Event "NM 2000"]
[Site "NPSF"]
[Date "2000.01.03"]
[Round "?"]
[White "Taksrud, Vidar"]
[Black "Lorentzen, Oystein"]
[Result "0-1"]
[WhiteElo "2159"]
[BlackElo "2241"]
[PlyCount "54"]
[EventDate "2000.??.??"]

1. e4 e6 2. d4 d5 3. Nc3 Nf6 4. Bg5 Be7 5. Bxf6 Bxf6 6. e5 Be7 7. Qg4 O-O 8.
O-O-O f5 9. Qg3 c5 10. Nce2 Nc6 11. f4 Qb6 12. Nf3 a5 13. h4 a4 14. h5 a3 15.
b3 c4 16. h6 g6 17. Nh4 Kf7 18. Nf3 Bd7 19. Ne1 Rfc8 20. Kb1 Nb4 21. Nc1 Ba4
22. Rh3 Rc6 23. Rd2 cxb3 24. Nxb3 Rac8 25. Qe3 Bh4 26. Bd3 Bxb3 27. axb3 a2+
0-1

[Event "NM 2000"]
[Site "NPSF"]
[Date "2000.01.03"]
[Round "?"]
[White "Klausen, Tor-Arne"]
[Black "Handberg, Rune"]
[Result "1-0"]
[WhiteElo "2198"]
[BlackElo "1952"]
[PlyCount "67"]
[EventDate "2000.??.??"]

1. d4 Nf6 2. c4 c5 3. d5 d6 4. Nc3 g6 5. e4 Bg7 6. h3 Na6 7. Nf3 Nc7 8. Be2 O-O
9. O-O e5 10. Be3 a6 11. a3 Bd7 12. b4 b6 13. Re1 h6 14. Rb1 Nfe8 15. Na4 Rb8
16. bxc5 Bxa4 17. Qxa4 dxc5 18. Rb2 Nd6 19. Nd2 f5 20. Reb1 b5 21. Qb3 Qd7 22.
Bxc5 bxc4 23. Qxb8 Rxb8 24. Rxb8+ Kh7 25. Bxd6 Qxd6 26. R1b6 Qxa3 27. exf5 h5
28. d6 c3 29. d7 c2 30. fxg6+ Kh6 31. Rh8+ Bxh8 32. d8=Q c1=Q+ 33. Kh2 Bg7 34.
Qh4 1-0

[Event "NM 2000"]
[Site "NPSF"]
[Date "2000.01.03"]
[Round "?"]
[White "Sorgjerd, Jan"]
[Black "Haug, Kjell M"]
[Result "1/2-1/2"]
[WhiteElo "1949"]
[BlackElo "2021"]
[PlyCount "52"]
[EventDate "2000.??.??"]

1. d4 Nf6 2. c4 g6 3. Nc3 Bg7 4. e4 d6 5. Be2 O-O 6. Nf3 Nbd7 7. O-O e5 8. Re1
exd4 9. Nxd4 Re8 10. Bf1 Ne5 11. f3 Bd7 12. Be3 a6 13. Qd2 c5 14. Nc2 Be6 15.
b3 Qa5 16. Nd5 Qxd2 17. Nxf6+ Bxf6 18. Bxd2 b5 19. f4 Nd7 20. Rab1 Bg7 21. Bd3
Nf6 22. Ne3 Bd7 23. Nd5 Nxd5 24. exd5 Bd4+ 25. Kf1 b4 26. Rxe8+ Rxe8 1/2-1/2

[Event "NM 2000"]
[Site "NPSF"]
[Date "2000.01.03"]
[Round "?"]
[White "Sterud, Edvard"]
[Black "Lovholt, Thor"]
[Result "1/2-1/2"]
[WhiteElo "2203"]
[BlackElo "2143"]
[PlyCount "108"]
[EventDate "2000.??.??"]

1. d4 Nf6 2. c4 c5 3. d5 b5 4. cxb5 a6 5. e3 g6 6. Nc3 Bg7 7. Nf3 O-O 8. a4 Bb7
9. Ra3 e6 10. dxe6 fxe6 11. Qd6 Qc8 12. Be2 axb5 13. axb5 Ne8 14. Qd2 d5 15.
Rxa8 Bxa8 16. O-O Nd7 17. b3 Nef6 18. Ba3 e5 19. Rc1 Bb7 20. Na4 Ne4 21. Qd1
Rf7 22. Nxc5 Ndxc5 23. Bxc5 Rc7 24. b4 Nxc5 25. bxc5 Rxc5 26. Rxc5 Qxc5 27. h3
d4 28. exd4 exd4 29. Bd3 Bf6 30. Nd2 Kg7 31. g3 Qd5 32. Ne4 Bd8 33. Qa4 Bb6 34.
Qb4 Qe6 35. Qd6 Bd5 36. f4 Qxd6 37. Nxd6 Kf6 38. Kf2 Ke6 39. Ne4 Bxe4 40. Bxe4
d3+ 41. Ke1 Ba5+ 42. Kd1 d2 43. g4 Kd6 44. g5 Kc5 45. f5 gxf5 46. Bxf5 Bc7 47.
Bxh7 Bf4 48. h4 Kxb5 49. Bc2 Kc6 50. Ke2 Kd7 51. Kf3 Be5 52. Ke4 Bd6 53. h5 Ke8
54. Kf5 Bc5 1/2-1/2

[Event "NM 2000"]
[Site "NPSF"]
[Date "2000.01.03"]
[Round "?"]
[White "Svenneby, Jan"]
[Black "Lovholt, Thor"]
[Result "1-0"]
[WhiteElo "2143"]
[BlackElo "2289"]
[PlyCount "154"]
[EventDate "2000.??.??"]

1. e4 d6 2. d4 Nf6 3. Nc3 g6 4. Be3 c6 5. Be2 Bg7 6. Qd2 h6 7. h3 Nbd7 8. O-O-O
Qa5 9. a3 b5 10. Bf3 Bb7 11. Kb1 Nb6 12. Be2 b4 13. axb4 Qxb4 14. Nf3 Nfd7 15.
Ne1 Nc4 16. Bxc4 Qxc4 17. f4 Rb8 18. e5 Nb6 19. Nd3 Bc8 20. b3 Qa6 21. Nb2 Qa3
22. g4 d5 23. Qe1 h5 24. Qg3 e6 25. Bc1 Qb4 26. Na2 Qa5 27. f5 h4 28. Qf4 exf5
29. e6 Rb7 30. gxf5 gxf5 31. exf7+ Kxf7 32. Rhg1 Bf6 33. Qd6 Nd7 34. Rde1 Nf8
35. Qxc6 Ng6 36. Nc3 Ne7 37. Nc4 dxc4 38. Qxc4+ Kf8 39. Rxe7 Rxe7 40. Qxc8+ Kf7
41. Qc4+ Re6 42. Nb5 Qb6 43. Nc7 Rc8 44. Qxe6+ Qxe6 45. Nxe6 Kxe6 46. Re1+ Kd7
47. Rf1 Ke6 48. Bb2 Rd8 49. c3 a5 50. Bc1 Rc8 51. Bb2 Rg8 52. c4 Be7 53. d5+
Kd7 54. Be5 Rg5 55. Kc2 Bd6 56. Bxd6 Kxd6 57. Rf4 Rg2+ 58. Kc3 Kc5 59. Rd4 Rg3+
60. Rd3 Rg6 61. Kd2 Rg7 62. d6 Kc6 63. Rd5 Kd7 64. Rxa5 Rg2+ 65. Kc3 Rg3+ 66.
Kb4 Kxd6 67. Rxf5 Rxh3 68. c5+ Kd7 69. Rh5 Ke6 70. Kc4 Rh1 71. Kb5 h3 72. Kc6
h2 73. b4 Rb1 74. Rxh2 Rxb4 75. Re2+ Kf6 76. Kc7 Rc4 77. c6 Rc1 1-0

[Event "NM 2000"]
[Site "NPSF"]
[Date "2000.01.03"]
[Round "?"]
[White "Haug, Kjell M"]
[Black "Sterud, Edvard"]
[Result "0-1"]
[WhiteElo "2021"]
[BlackElo "2203"]
[PlyCount "98"]
[EventDate "2000.??.??"]

1. c4 e5 2. Nc3 Nf6 3. b3 c6 4. e3 d5 5. cxd5 cxd5 6. Nf3 Nc6 7. Bb5 e4 8. Nd4
Bd7 9. Nxc6 bxc6 10. Be2 Bd6 11. Bb2 O-O 12. O-O Qc7 13. h3 Qc8 14. f4 exf3 15.
Bxf3 Re8 16. Ne2 Ne4 17. Bxe4 Rxe4 18. Rf3 Qd8 19. Ng3 Qg5 20. Nxe4 dxe4 21.
Rf2 Bxh3 22. Qc2 Qg6 23. Qc3 Be6 24. Qxc6 Rd8 25. Bd4 Bg3 26. Rf4 Qh5 27. Rxe4
Bh2+ 28. Kf1 Qf5+ 29. Ke2 Bd7 30. Qb7 Bb5+ 31. d3 Bg3 32. Kd2 Bd6 33. a4 Qf2+
34. Kc3 a5 35. b4 Bxb4+ 36. Kb3 Bxd3 37. Qc7 Bf8 38. Re5 Qd2 39. Qc3 Rb8+ 40.
Rb5 Qxc3+ 41. Bxc3 Bxb5 42. axb5 Rxb5+ 43. Ka4 Rg5 44. Ra2 Bc5 45. e4 Bb6 46.
Rb2 Bc7 47. Rb7 Rc5 48. Bxa5 Rxa5+ 49. Kb4 Re5 0-1

[Event "NM 2000"]
[Site "NPSF"]
[Date "2000.01.03"]
[Round "?"]
[White "Handberg, Rune"]
[Black "Sorgjerd, Jan"]
[Result "0-1"]
[WhiteElo "1952"]
[BlackElo "1949"]
[PlyCount "94"]
[EventDate "2000.??.??"]

1. e4 c5 2. Nf3 d6 3. d4 cxd4 4. Nxd4 Nf6 5. Nc3 a6 6. Bc4 e6 7. Bb3 b5 8. O-O
b4 9. Na4 Bd7 10. f4 Nc6 11. f5 e5 12. Ne6 fxe6 13. fxe6 Bc8 14. Bg5 h5 15. Rf5
Be7 16. Bxf6 Bxf6 17. Rxh5 Rf8 18. Bd5 Bb7 19. Rh7 Qe7 20. Nb6 Kd8 21. Nxa8
Bxa8 22. Qd3 Bb7 23. c3 Qc7 24. Rf1 bxc3 25. bxc3 Qb6+ 26. Kh1 Bc8 27. g4 Re8
28. h4 Ne7 29. g5 Nxd5 30. exd5 e4 31. Qxe4 Be5 32. Qg6 Bxe6 33. Qe4 Bg8 34.
Rb1 Bxh7 35. Rxb6 Bxe4+ 36. Kg1 Bxd5 37. Rxa6 Rh8 38. Ra5 Bb7 39. Rb5 Kc7 40.
Rb4 Ra8 41. Rc4+ Bc6 42. h5 Rxa2 43. h6 Rg2+ 44. Kf1 Rxg5 45. hxg7 d5 46. Rh4
Bxc3 47. Rf4 Rxg7 0-1

[Event "NM 2000"]
[Site "NPSF"]
[Date "2000.01.03"]
[Round "?"]
[White "Lohre, Frank G"]
[Black "Klausen, Tor-Arne"]
[Result "0-1"]
[WhiteElo "1709"]
[BlackElo "2198"]
[PlyCount "60"]
[EventDate "2000.??.??"]

1. e4 c5 2. Nf3 d6 3. d4 cxd4 4. Nxd4 Nf6 5. Nc3 a6 6. Bg5 e6 7. f4 Qb6 8. Qd2
Qxb2 9. Rb1 Qa3 10. Be2 Nbd7 11. O-O Qc5 12. Kh1 Be7 13. f5 e5 14. Ne6 fxe6 15.
fxe6 Nf8 16. Bxf6 gxf6 17. Nd5 h6 18. Rb4 b5 19. c4 Nxe6 20. cxb5 axb5 21.
Bxb5+ Kf7 22. Qb2 Ra5 23. a4 Qa7 24. Rc1 Nc5 25. h3 Be6 26. Bc4 Rxa4 27. Rxa4
Qxa4 28. Nb6 Qa7 29. Ra1 Qb7 30. Bxe6+ Nxe6 0-1

[Event "NM 2000"]
[Site "NPSF"]
[Date "2000.01.03"]
[Round "?"]
[White "Sjol, Henrik"]
[Black "Taksrud, Vidar"]
[Result "1/2-1/2"]
[WhiteElo "2020"]
[BlackElo "2159"]
[PlyCount "60"]
[EventDate "2000.??.??"]

1. c4 e5 2. Nc3 Bb4 3. Nd5 Ba5 4. b4 c6 5. bxa5 cxd5 6. cxd5 Qxa5 7. e4 Nf6 8.
Bd3 d6 9. Ne2 Nbd7 10. f3 Nc5 11. Bc2 Bd7 12. O-O Bb5 13. a4 Qa6 14. Re1 Bd3
15. Ba3 Nfd7 16. Ng3 g6 17. Bxd3 Nxd3 18. Re3 N7c5 19. Ne2 O-O 20. Nc1 Nxc1 21.
Rxc1 Nxa4 22. Bxd6 Qxd6 23. Qxa4 a6 24. Rec3 f5 25. Rc7 fxe4 26. fxe4 Qb6+ 27.
d4 Qf6 28. Qc2 exd4 29. d6 Kh8 30. Rxb7 Qxd6 1/2-1/2

[Event "NM 2000"]
[Site "NPSF"]
[Date "2000.01.03"]
[Round "?"]
[White "Dahlberg, Jorn S"]
[Black "Olsen, Svein"]
[Result "1/2-1/2"]
[WhiteElo "1457"]
[BlackElo "2152"]
[PlyCount "90"]
[EventDate "2000.??.??"]

1. d4 Nf6 2. Bg5 e6 3. e4 h6 4. Bxf6 Qxf6 5. c3 d6 6. Bd3 Be7 7. Ne2 O-O 8. O-O
c5 9. f4 cxd4 10. cxd4 Nc6 11. Bc2 b6 12. Qd3 Nb4 13. e5 Qf5 14. Qxf5 exf5 15.
Ba4 b5 16. a3 bxa4 17. axb4 dxe5 18. fxe5 Bxb4 19. Rxa4 a5 20. Nbc3 Rd8 21. Kf2
Ba6 22. Ke3 g6 23. g4 fxg4 24. Rf6 Kg7 25. Nf4 Bc4 26. Ne4 Rab8 27. Nc5 Bxc5
28. dxc5 Rb3+ 29. Ke4 Bb5 30. Rxa5 Rb4+ 31. Ke3 Re8 32. Nd3 Rxe5+ 33. Nxe5 Kxf6
34. Nxg4+ Ke6 35. Nxh6 f5 36. h4 Bc6 37. Ra7 f4+ 38. Kd3 f3 39. Nf7 Kd5 40. Ke3
Kxc5 41. Ng5 Rb3+ 42. Kf4 f2 43. Ra1 Rxb2 44. Kg3 Kd4 45. Rf1 Ke3 1/2-1/2

[Event "NM 2000"]
[Site "NPSF"]
[Date "2000.01.03"]
[Round "?"]
[White "Svenneby, Jan"]
[Black "Olsen, Svein"]
[Result "0-1"]
[WhiteElo "2289"]
[BlackElo "2152"]
[PlyCount "48"]
[EventDate "2000.??.??"]

1. e4 c6 2. d4 d5 3. e5 c5 4. c3 Nc6 5. f4 cxd4 6. cxd4 Bf5 7. Nf3 e6 8. Nc3
Rc8 9. a3 Nh6 10. Bb5 Be7 11. h3 Bh4+ 12. Kf1 O-O 13. g4 Be4 14. Be3 Bxf3 15.
Qxf3 Qb6 16. Rd1 f6 17. Bxc6 bxc6 18. Rh2 fxe5 19. dxe5 Qb3 20. Kg1 g5 21. Rd3
gxf4 22. Bc5 Nf7 23. Rhd2 Nxe5 24. Qe2 Qb8 0-1

[Event "NM 2000"]
[Site "NPSF"]
[Date "2000.01.03"]
[Round "?"]
[White "Taksrud, Vidar"]
[Black "Dahlberg, Jorn S"]
[Result "1/2-1/2"]
[WhiteElo "2159"]
[BlackElo "1457"]
[PlyCount "61"]
[EventDate "2000.??.??"]

1. e4 e6 2. d4 d5 3. Nc3 Bb4 4. e5 c5 5. a3 Bxc3+ 6. bxc3 Ne7 7. Qg4 Qc7 8.
Qxg7 Rg8 9. Qxh7 cxd4 10. Ne2 Nbc6 11. f4 Bd7 12. Qd3 dxc3 13. Nxc3 a6 14. Rb1
Na5 15. h4 Nf5 16. Rh3 O-O-O 17. h5 Nc4 18. Rb4 b5 19. h6 Rg6 20. h7 Rh8 21.
Ne2 Rg7 22. g4 Ne7 23. Nd4 Ng6 24. Qf3 Rgxh7 25. Rxh7 Rxh7 26. Bxc4 a5 27. Rb3
bxc4 28. Rb1 Ba4 29. Nb5 Bxb5 30. Rxb5 Nxe5 31. fxe5 1/2-1/2

[Event "NM 2000"]
[Site "NPSF"]
[Date "2000.01.03"]
[Round "?"]
[White "Klausen, Tor-Arne"]
[Black "Bergquist, Rune"]
[Result "1/2-1/2"]
[WhiteElo "2198"]
[BlackElo "2183"]
[PlyCount "66"]
[EventDate "2000.??.??"]

1. d4 d5 2. c4 e6 3. Nc3 Nf6 4. cxd5 exd5 5. Bg5 Be7 6. e3 c6 7. Bd3 Nbd7 8.
Qc2 O-O 9. Nf3 Re8 10. O-O Nf8 11. Rfe1 Ne4 12. Bxe7 Qxe7 13. Bxe4 dxe4 14. Nd2
f5 15. d5 Bd7 16. Rad1 Ng6 17. Qb3 Rab8 18. f3 exf3 19. Nxf3 Kh8 20. Qa4 Qc5
21. Qd4 Qxd4 22. exd4 cxd5 23. Nxd5 Bc6 24. Nc3 Bxf3 25. Rxe8+ Rxe8 26. gxf3
Kg8 27. Kg2 Nf4+ 28. Kf2 Kf7 29. Rd2 g5 30. a4 a6 31. a5 Re6 32. d5 Rh6 33. Ke3
Ke7 1/2-1/2

[Event "NM 2000"]
[Site "NPSF"]
[Date "2000.01.03"]
[Round "?"]
[White "Sterud, Edvard"]
[Black "Handberg, Rune"]
[Result "1-0"]
[WhiteElo "2203"]
[BlackElo "1952"]
[PlyCount "119"]
[EventDate "2000.??.??"]

1. d4 Nf6 2. c4 g6 3. Nf3 Bg7 4. Nc3 d6 5. e4 O-O 6. Be2 e5 7. O-O Nc6 8. d5
Ne7 9. b4 Ne8 10. c5 f5 11. Ng5 h6 12. Ne6 Bxe6 13. dxe6 fxe4 14. cxd6 cxd6 15.
Nxe4 b6 16. b5 d5 17. Ba3 Nc7 18. Rc1 Rf4 19. f3 Nxe6 20. Bxe7 Qxe7 21. Qxd5
Rd8 22. Qb3 Kh7 23. Bd3 Qd7 24. Rfd1 Nd4 25. Qb4 Bf8 26. Qa4 Be7 27. Kh1 Kg7
28. Bf1 h5 29. Rc3 a5 30. Rdc1 Bd6 31. Nxd6 Qxd6 32. Qc4 Rf7 33. Qd3 Rdd7 34.
Qe3 Rc7 35. Bd3 Rxc3 36. Rxc3 Rc7 37. Rxc7+ Qxc7 38. f4 Kf6 39. h4 Qd6 40. Qg3
exf4 41. Qxg6+ Ke7 42. Qh7+ Kf8 43. Qxh5 Qf6 44. Kh2 f3 45. gxf3 Nxf3+ 46. Kh3
Nd4 47. Qd5 Qf4 48. Qd8+ Kg7 49. Qe7+ Kg8 50. Bc4+ Kh8 51. Qe8+ Kg7 52. Qg8+
Kh6 53. Qh8+ Kg6 54. h5+ Kg5 55. Qg7+ Kf5 56. Qg6+ Ke5 57. Qe8+ Kf5 58. Bd3+
Kf6 59. Qf8+ Ke5 60. Qb8+ 1-0

[Event "NM 2000"]
[Site "NPSF"]
[Date "2000.01.03"]
[Round "?"]
[White "Lovholt, Thor"]
[Black "Haug, Kjell M"]
[Result "1/2-1/2"]
[WhiteElo "2143"]
[BlackElo "2021"]
[PlyCount "74"]
[EventDate "2000.??.??"]

1. e4 c5 2. c3 d5 3. exd5 Qxd5 4. d4 e6 5. Na3 cxd4 6. Nb5 Qe5+ 7. Be2 dxc3 8.
Nf3 Qc5 9. Be3 Qe7 10. Rc1 Na6 11. bxc3 Nf6 12. O-O Bd7 13. Bxa7 Bc6 14. Rb1
Nd5 15. Bd4 f6 16. Re1 Qd7 17. Bc4 Be7 18. Qd2 Nac7 19. Nxc7+ Nxc7 20. Qe3 b5
21. Bxe6 Nxe6 22. Qxe6 Qxe6 23. Rxe6 Kd7 {0} 24. Re2 Rae8 25. Be3 Bxf3 26. gxf3
Kc6 27. Reb2 Ra8 28. Rxb5 Rxa2 29. Rb6+ Kd5 30. Rd1+ Ke5 31. Rd4 Kf5 32. Rbb4
Bxb4 33. cxb4 Rb8 34. Kg2 h5 35. Rd5+ Ke6 36. Ra5 Rb2 37. Ra6+ Ke5 1/2-1/2

[Event "NM 2000"]
[Site "NPSF"]
[Date "2000.01.03"]
[Round "?"]
[White "Haug, Kjell M"]
[Black "Svenneby, Jan"]
[Result "0-1"]
[WhiteElo "2021"]
[BlackElo "2289"]
[PlyCount "56"]
[EventDate "2000.??.??"]

1. c4 e5 2. Nc3 Nf6 3. b3 Nc6 4. Bb2 d5 5. cxd5 Nxd5 6. e3 Bf5 7. Nxd5 Qxd5 8.
Nf3 Nb4 9. Bc4 Nd3+ 10. Bxd3 Bxd3 11. Bxe5 f6 12. Bb2 O-O-O 13. a3 Be7 14. b4
Rd6 15. Rc1 Rhd8 16. Bd4 Rc6 17. Rc3 Rxc3 18. dxc3 Ba6 19. Qc2 b6 20. e4 Qc4
21. e5 c5 22. bxc5 bxc5 23. exf6 gxf6 24. Kd2 cxd4 25. Nxd4 Qe2+ 26. Kc1 Bxa3+
27. Kb1 Qxc2+ 28. Kxc2 Bb7 0-1

[Event "NM 2000"]
[Site "NPSF"]
[Date "2000.01.03"]
[Round "?"]
[White "Handberg, Rune"]
[Black "Lovholt, Thor"]
[Result "0-1"]
[WhiteElo "1952"]
[BlackElo "2143"]
[PlyCount "86"]
[EventDate "2000.??.??"]

1. d4 Nf6 2. c4 c5 3. d5 b5 4. cxb5 a6 5. bxa6 Bxa6 6. Nc3 d6 7. g3 g6 8. Bg2
Bg7 9. Nf3 O-O 10. O-O Nbd7 11. Re1 Qc7 12. Bg5 Qb7 13. Qd2 Nb6 14. Qf4 Nfxd5
15. Nxd5 Nxd5 16. Qd2 Bc4 17. e4 Nb4 18. Bh6 Nxa2 19. Bxg7 Kxg7 20. h4 Rfb8 21.
Rab1 Ra4 22. b3 Bxb3 23. Qb2+ e5 24. h5 c4 25. Qd2 Qe7 26. Kh2 c3 27. Qe3 Rab4
28. Rh1 c2 29. Rbf1 Rc8 30. hxg6 hxg6 31. Kg1 c1=Q 32. Rxc1 Rxc1+ 33. Bf1 Qf6
34. Ng5 Bc4 35. Nh7 Rxf1+ 36. Kg2 Qxf2+ 37. Qxf2 Rxf2+ 38. Kxf2 Rb2+ 39. Ke3
Nc3 40. Rc1 d5 41. Ng5 d4+ 42. Kf3 d3 43. Rxc3 d2 0-1

[Event "NM 2000"]
[Site "NPSF"]
[Date "2000.01.03"]
[Round "?"]
[White "Bergquist, Rune"]
[Black "Sorgjerd, Jan"]
[Result "1-0"]
[WhiteElo "2183"]
[BlackElo "1949"]
[PlyCount "69"]
[EventDate "2000.??.??"]

1. e4 c5 2. c3 d5 3. exd5 Qxd5 4. d4 Nf6 5. Nf3 Bg4 6. Qa4+ Nbd7 7. Bc4 Qe4+ 8.
Be3 Bxf3 9. Nd2 Qc6 10. Bb5 Bxg2 11. Rg1 Qd5 12. dxc5 a6 13. c4 Qf5 14. Rxg2
Rc8 15. Bxd7+ Qxd7 16. Qxd7+ Nxd7 17. b4 g6 18. Bd4 e5 19. Bc3 f5 20. f4 Bg7
21. Re2 O-O 22. fxe5 Rfe8 23. Nf3 b6 24. Rd1 Nf8 25. a4 bxc5 26. b5 Ne6 27. a5
g5 28. Kf1 Re7 29. Rd6 Ra8 30. Rxa6 Rxa6 31. bxa6 g4 32. Nh4 f4 33. Rb2 Ra7 34.
Nf5 Bf8 35. Rb6 1-0

[Event "NM 2000"]
[Site "NPSF"]
[Date "2000.01.03"]
[Round "?"]
[White "Lorentzen, Oystein"]
[Black "Klausen, Tor-Arne"]
[Result "1-0"]
[WhiteElo "2241"]
[BlackElo "2198"]
[PlyCount "95"]
[EventDate "2000.??.??"]

1. e4 c5 2. Nf3 d6 3. d4 cxd4 4. Nxd4 Nf6 5. Nc3 a6 6. Bg5 e6 7. f4 Qb6 8. Qd2
Qxb2 9. Rb1 Qa3 10. f5 Nc6 11. fxe6 fxe6 12. Nxc6 bxc6 13. Be2 Be7 14. Rb3 Qa5
15. O-O Ra7 16. Be3 c5 17. Bc4 Rf8 18. Qe2 h6 19. Bd2 Qc7 20. Na4 e5 21. Nb6
Bb7 22. Nd5 Bxd5 23. exd5 Qc8 24. Ra3 Qa8 25. Bxa6 Rf7 26. Bb5+ Kf8 27. Bc6
Rxa3 28. Bxa8 Rxa8 29. Qc4 Bd8 30. Bc1 Kg8 31. Qb3 Ba5 32. c4 Raf8 33. Rf3 Ra8
34. Qb1 Raf8 35. g3 e4 36. Rb3 Bc7 37. Bf4 Re8 38. Qd1 Nd7 39. Qh5 Nf6 40. Qg6
Nd7 41. a4 Nf8 42. Qh5 Ra8 43. Ra3 Nd7 44. Qg6 Re7 45. a5 Nf8 46. Qg4 Nd7 47.
a6 Nf6 48. Qg6 1-0

[Event "NM 2000"]
[Site "NPSF"]
[Date "2000.01.03"]
[Round "?"]
[White "Olsen, Svein"]
[Black "Taksrud, Vidar"]
[Result "1-0"]
[WhiteElo "2152"]
[BlackElo "2159"]
[PlyCount "77"]
[EventDate "2000.??.??"]

1. e4 e6 2. d4 d5 3. Nd2 Be7 4. Ngf3 dxe4 5. Nxe4 Nf6 6. Nxf6+ Bxf6 7. c3 Nd7
8. Be3 O-O 9. Bd3 Re8 10. Qc2 Nf8 11. O-O Qe7 12. Be4 Ng6 13. Ne5 Nxe5 14.
Bxh7+ Kh8 15. dxe5 Bxe5 16. Be4 Bd6 17. Rad1 f5 18. Bd3 f4 19. Qe2 Qg5 20. Bd2
Rf8 21. c4 e5 22. Rfe1 Bg4 23. f3 Bf5 24. Bxf5 Rxf5 25. g4 Rf6 26. Bc3 Re8 27.
Qf2 Rfe6 28. Re4 Qe7 29. Kg2 a6 30. Qe1 c6 31. b4 b5 32. c5 Bc7 33. Rd3 a5 34.
bxa5 Qxc5 35. Bb4 Qa7 36. Rd7 c5 37. Qh4+ Rh6 38. Qg5 Rg8 39. Bc3 1-0

[Event "NM 2000"]
[Site "NPSF"]
[Date "2000.01.03"]
[Round "?"]
[White "Klausen, Tor-Arne"]
[Black "Sjol, Henrik"]
[Result "1-0"]
[WhiteElo "2198"]
[BlackElo "2020"]
[PlyCount "63"]
[EventDate "2000.??.??"]

1. d4 Nf6 2. Bg5 e6 3. e4 h6 4. Bxf6 Qxf6 5. Nc3 d6 6. Nf3 Nd7 7. Qe2 e5 8. Nd5
Qd8 9. O-O-O c6 10. Ne3 Qf6 11. Qd2 exd4 12. Nxd4 Nc5 13. f3 Be6 14. Kb1 Be7
15. Nef5 O-O-O 16. Nxe7+ Qxe7 17. Qb4 g5 18. Be2 Rhe8 19. Rhe1 h5 20. g3 Rg8
21. Bf1 h4 22. gxh4 gxh4 23. Re3 Rg1 24. Qd2 Rdg8 25. b4 Nd7 26. Ree1 Kc7 27.
a4 R1g7 28. a5 Nf6 29. a6 bxa6 30. Bxa6 Rb8 31. b5 Bd7 32. e5 1-0

[Event "NM 2000"]
[Site "NPSF"]
[Date "2000.01.03"]
[Round "?"]
[White "Sorgjerd, Jan"]
[Black "Lorentzen, Oystein"]
[Result "1/2-1/2"]
[WhiteElo "1949"]
[BlackElo "2241"]
[PlyCount "46"]
[EventDate "2000.??.??"]

1. d4 Nf6 2. c4 e6 3. Nc3 Bb4 4. Qc2 O-O 5. Bg5 d5 6. e3 c6 7. Nf3 Nbd7 8. Bd3
h6 9. Bh4 a6 10. O-O dxc4 11. Bxc4 b5 12. Bd3 Bb7 13. Ne4 Be7 14. Rac1 c5 15.
Bxf6 gxf6 16. Nxc5 Nxc5 17. dxc5 Bxc5 18. Be4 Bxe4 19. Qxe4 Qe7 20. Rfd1 Rac8
21. Nd4 f5 22. Qf3 Bxd4 23. exd4 Rxc1 1/2-1/2

[Event "NM 2000"]
[Site "NPSF"]
[Date "2000.01.03"]
[Round "?"]
[White "Lovholt, Thor"]
[Black "Lohre, Frank G"]
[Result "1/2-1/2"]
[WhiteElo "2143"]
[BlackElo "1709"]
[PlyCount "55"]
[EventDate "2000.??.??"]

1. e4 e5 2. Nf3 Nf6 3. d4 Nxe4 4. Bd3 d5 5. Nxe5 Bd6 6. Nc3 Nxc3 7. bxc3 Nd7 8.
Nxd7 Bxd7 9. O-O O-O 10. Qh5 f5 11. Rb1 b6 12. Re1 Qf6 13. Bg5 Qf7 14. Qxf7+
Rxf7 15. c4 f4 16. f3 Bf5 17. Kf1 Rc8 18. Bh4 Kf8 19. Bf2 dxc4 20. Bxc4 Re7 21.
Rxe7 Bxe7 22. Ba6 Rd8 23. Rd1 Be6 24. c4 c6 25. g3 fxg3 26. hxg3 g5 27. g4 Bf6
28. a3 1/2-1/2

[Event "NM 2000"]
[Site "NPSF"]
[Date "2000.01.03"]
[Round "?"]
[White "Haug, Kjell M"]
[Black "Handberg, Rune"]
[Result "1-0"]
[WhiteElo "2021"]
[BlackElo "1952"]
[PlyCount "51"]
[EventDate "2000.??.??"]

1. d4 Nf6 2. c4 g6 3. Nc3 Bg7 4. e4 d6 5. f4 O-O 6. Nf3 c6 7. Be2 a6 8. O-O b5
9. e5 Ne8 10. Be3 Bb7 11. Qb3 Qd7 12. c5 Nc7 13. cxd6 exd6 14. Ne4 Ne8 15. Nfg5
Bc8 16. Rac1 h6 17. Nf3 a5 18. a4 b4 19. Ng3 Ba6 20. Bxa6 Rxa6 21. f5 Kh7 22.
f6 Bh8 23. Qc2 Qg4 24. Qd2 g5 25. Qd3+ Kg8 26. Nf5 1-0

[Event "NM 2000"]
[Site "NPSF"]
[Date "2000.01.03"]
[Round "?"]
[White "Lohre, Frank G"]
[Black "Haug, Kjell M"]
[Result "1/2-1/2"]
[WhiteElo "1709"]
[BlackElo "2021"]
[PlyCount "65"]
[EventDate "2000.??.??"]

1. d4 d5 2. c4 dxc4 3. Nf3 c6 4. e3 b5 5. a4 Bb7 6. b3 cxb3 7. axb5 e6 8. Nbd2
c5 9. Bb2 Nd7 10. Bc4 Ngf6 11. O-O cxd4 12. Bxd4 Bc5 13. Nxb3 Bxd4 14. Nfxd4
O-O 15. Na5 Qb6 16. Nxb7 Qxb7 17. Nc6 Nb6 18. Be2 Nbd5 19. Rc1 Rfc8 20. Qa4 Rc7
21. Rfd1 h6 22. Rd2 Re8 23. Rdc2 Ne7 24. Na5 Rxc2 25. Rxc2 Qb6 26. Nc6 Nxc6 27.
Rxc6 Qb8 28. Qc4 Rd8 29. Rc7 Qb6 30. Qc6 Qa5 31. Rc8 g6 32. Rxd8+ Qxd8 33. g3
1/2-1/2

[Event "NM 2000"]
[Site "NPSF"]
[Date "2000.01.03"]
[Round "?"]
[White "Bergquist, Rune"]
[Black "Lovholt, Thor"]
[Result "1/2-1/2"]
[WhiteElo "2183"]
[BlackElo "2143"]
[PlyCount "45"]
[EventDate "2000.??.??"]

1. d4 Nf6 2. c4 c5 3. d5 b5 4. cxb5 a6 5. b6 Qxb6 6. Nc3 e6 7. e4 Bb7 8. Nf3 g6
9. Bc4 Bg7 10. O-O O-O 11. a4 exd5 12. a5 Qc7 13. exd5 d6 14. Bf4 Nbd7 15. Re1
Ng4 16. Qd2 Nde5 17. Nxe5 Nxe5 18. Bf1 Rab8 19. Na4 Rfe8 20. Nb6 Nd7 21. Nc4
Bf8 22. Rac1 Rxe1 23. Rxe1 1/2-1/2

[Event "NM 2000"]
[Site "NPSF"]
[Date "2000.01.03"]
[Round "?"]
[White "Lorentzen, Oystein"]
[Black "Sterud, Edvard"]
[Result "1/2-1/2"]
[WhiteElo "2241"]
[BlackElo "2203"]
[PlyCount "113"]
[EventDate "2000.??.??"]

1. e4 e6 2. d4 d5 3. Nc3 Nf6 4. e5 Nfd7 5. f4 c5 6. Nf3 Nc6 7. Be3 cxd4 8. Nxd4
Bc5 9. Qd2 O-O 10. O-O-O a6 11. Nb3 Bb4 12. a3 Be7 13. h4 b5 14. h5 b4 15. axb4
Bxb4 16. h6 g6 17. Kb1 Bb7 18. Qd3 Qc7 19. Be2 Rfc8 20. Rc1 Rab8 21. Rh3 Na5
22. Nxa5 Bxa5 23. Ba7 Ra8 24. Bd4 Rab8 25. Ba7 Ra8 26. Bd4 Bc6 27. Qe3 Qb7 28.
g4 Rab8 29. Nd1 Bb5 30. f5 Bb6 31. Bxb5 Bxd4 32. Qxd4 axb5 33. Qb4 Nb6 34. fxg6
fxg6 35. Rb3 Nc4 36. Ne3 Qc7 37. Qe1 Qa7 38. Nxc4 bxc4 39. Rxb8 Rxb8 40. c3 Rf8
41. Qd2 Qe7 42. Rh1 Qf7 43. Qe3 Qf2 44. Qxf2 Rxf2 45. Ka2 Kf7 46. Ka3 Re2 47.
Kb4 Rxe5 48. Rf1+ Ke7 49. Ra1 Kf6 50. Ra7 Re2 51. Rxh7 Rxb2+ 52. Kc5 Kg5 53.
Rh8 Rc2 54. h7 Kh6 55. g5+ Kg7 56. Ra8 Kxh7 57. Kd6 1/2-1/2